000 01028nam2a22002531 4500
001 v19\rc\1265022
005 20250618002652.0
035 _a(NLR Aleph) 004418494
090 _a4103329
_c4103329
100 _a20060306d1905 |||y0rusy50 ca
101 1 _arus
_cgre
102 _aRU
105 _ay z |||||
200 0 _aКн. 8
_fПер. и объяснил Е.Г.П.
210 _d1905
_aБ. м.
215 _a53 с.
461 0 _1001v19\rc\1265018
_12001#$a... Ilias$fПер. со словами и прим. К. Гальберштадта$vКн. 8$90
_1700#0$aГомер$f8-7 вв. до н. э.
_94103278
_aГомер (8-7 вв. до н. э.)
_cКиев-Харьков
_d1894-1905
_e2-е изд. Кн. 1, 3, 4, 8
_fПер. со словами и прим. К. Гальберштадта
_nФ.А. Иогансон
_p4 т.
_tIlias
_vКн. 8$90
702 0 _aЕ.Г.П.
_4730
_4570
801 0 _aRU
_bNLR
_gpsbo
801 1 _aRU
_bProSoft-M
_2rusmarc
852 _aNLR
_j34.48.7.260
852 _aNLR
_j18.259.8.155
942 _cBOOK
980 _aNB